000 00597nam a22001695i 4500
001 160254
003 ES-MaACL
005 20230906211959.0
008 040924s1868 it |||| | ita d
040 _aCAM
_bspa
_cCAM
100 1 _aMortillaro, Vincenzo.
_9130224
245 1 2 _aI miei ultimi rocordi
_b: continuazione delle reminiscenze di miei tempi /
_cper Vincenzo Mortillaro, marchese di Villarena.
260 _aPalermo :
_b[s.n.],
_c1868 (
_fTipografia di Pietro Pensante)
300 _aXII, 296 p. ;
_c27 cm.
752 _aItalia -
_dPalermo
852 _aES-MaACL
_jG-6385
_z-- Enc. hol.
999 _c160254
_d160254